000 00488nam a2200193Ia 4500
005 20240823015313.0
008 240823s9999||||xx |||||||||||||| ||und||
020 _a81-87433-56-6
041 _aENGLISH
082 _A621.3 P4
100 _aJain N K
245 2 _aA Text Book of Electrical Engineering
250 _a2nd
260 _c2004
_b"Dhanpat Rai Publishing , New "
500 _aTRANSFERED
650 _aElectrical Engineering
_bElectrical
942 _cBK
999 _c172112
_d172112